[Event "Est ch 2020 U12"]
[Site "?"]
[Date "2020.01.25"]
[Round "6.1"]
[White "Mertins, Ostap"]
[Black "Rõtshagov, Anton"]
[Result "1/2-1/2"]
[WhiteElo "1561"]
[BlackElo "1546"]
[PlyCount "100"]
[SourceVersionDate "2020.01.31"]

1. e4 c5 2. Nf3 d6 3. d4 cxd4 4. Nxd4 Nf6 5. Nc3 a6 6. Be3 e5 7. Nb3 Be6 8. Be2
Be7 9. O-O O-O 10. a4 Qc7 11. a5 Nbd7 12. Qd2 Rfd8 13. f3 Rac8 14. Rfc1 Nc5 15.
Nxc5 dxc5 16. Qe1 c4 17. Na4 Nd7 18. Qf2 Nc5 19. Nb6 Rb8 20. Nxc4 Nxe4 21. fxe4
Bxc4 22. Bb6 Qc6 23. Bd3 Rdc8 24. Be3 Qd7 25. Qe2 Qc6 26. Kh1 Rc7 27. Bb6 Bxd3
28. Qxd3 Rd7 29. Qe2 Bg5 30. Rd1 Rxd1+ 31. Rxd1 Rc8 32. c3 h6 33. Rd5 Re8 34.
Rc5 Qa4 35. g3 Qa1+ 36. Kg2 Bc1 37. b4 Qb1 38. Bc7 f6 39. Rd5 Re7 40. Rd8+ Kf7
41. Bd6 Re6 42. Rf8+ Kg6 43. Qg4+ Bg5 44. Qxe6 Qxe4+ 45. Kh3 Qe2 46. Qe8+ Kf5
47. Qd7+ (47. Qxe5+ Qxe5 48. Bxe5 Kxe5 49. Rf7) 47... Kg6 48. Qe8+ Kf5 49. Qd7+
Kg6 50. Qe8+ Kf5 1/2-1/2

[Event "Est ch 2020 U12"]
[Site "?"]
[Date "2020.01.25"]
[Round "6.2"]
[White "Õim, Mikk Kaarel"]
[Black "Pomaznjov, Aleksei"]
[Result "1/2-1/2"]
[WhiteElo "1428"]
[BlackElo "1435"]
[PlyCount "94"]
[SourceVersionDate "2020.01.31"]

1. e4 d5 2. exd5 Nf6 3. Nf3 Nxd5 4. d4 Nc6 5. c4 Nb6 6. Be2 Bf5 7. a3 e6 8. O-O
Na5 9. Be3 Be7 10. c5 Nd5 11. Qa4+ Nc6 12. Ne5 Nxe3 13. fxe3 O-O 14. Nxc6 bxc6
15. Qxc6 Bg5 16. Qf3 Qb8 17. b4 c6 18. Nc3 Qc7 19. Ne4 Bxe4 20. Qxe4 Qd7 21.
Rf3 Qd5 22. Qg4 Bh6 23. Rh3 Qb3 24. Qg3 Kh8 25. Rf1 Qxa3 26. Rf3 Qxb4 27. Qh4
Qb1+ 28. Rf1 Qg6 29. Bh5 Qg5 30. Qxg5 Bxg5 31. Bxf7 h6 32. Bxe6 Rxf1+ 33. Kxf1
a5 34. e4 a4 35. Ra3 Bc1 36. Ra2 Be3 37. d5 cxd5 38. c6 Ra7 39. exd5 Bf4 40. g3
Bd6 41. Ke2 g5 42. Kf3 Kg7 43. Ke4 Kf6 44. Bd7 a3 45. Kd4 Ra5 46. Be6 Ke7 47.
g4 Bxh2 1/2-1/2

[Event "Est ch 2020 U12"]
[Site "?"]
[Date "2020.01.25"]
[Round "6.3"]
[White "Dudakov, Andrei"]
[Black "Pallum, Rasmus"]
[Result "0-1"]
[WhiteElo "1485"]
[BlackElo "1399"]
[PlyCount "74"]
[SourceVersionDate "2020.01.31"]

1. d4 Nf6 2. c4 c5 3. d5 e6 4. Nc3 exd5 5. cxd5 d6 6. Nf3 g6 7. Nd2 Bg7 8. e4
O-O 9. Bd3 Nbd7 10. Nc4 Nb6 11. O-O Nxc4 12. Bxc4 a6 13. a4 Ng4 14. f4 Bd4+ 15.
Kh1 Qh4 16. h3 Nf2+ 17. Rxf2 Bxf2 18. Qf1 Bd4 19. Bd2 Re8 20. Re1 Bd7 21. a5 f5
22. exf5 Bxf5 23. Kh2 Rxe1 24. Bxe1 Qe7 25. Bd2 Be3 26. Bxe3 Qxe3 27. g3 Re8
28. Qg2 Qd4 29. Bb3 c4 30. Ba4 Re7 31. h4 Qc5 32. Bd1 Qxa5 33. Qf2 Qb4 34. Bf3
a5 35. Qg2 b5 36. Qf2 a4 37. Qg2 Qc5 0-1

[Event "Est ch 2020 U12"]
[Site "?"]
[Date "2020.01.25"]
[Round "6.4"]
[White "Köösel, Hans-Georg"]
[Black "Sizov, Lev"]
[Result "1-0"]
[WhiteElo "1580"]
[BlackElo "1490"]
[PlyCount "47"]
[SourceVersionDate "2020.01.31"]

1. d4 d5 2. Nf3 Nf6 3. g3 Bf5 4. Bg2 e6 5. O-O c5 6. dxc5 Bxc5 7. Nbd2 Nc6 8.
a3 O-O 9. b3 h6 10. Bb2 Bh7 11. e3 Nd7 12. h3 f5 13. c4 Nf6 14. b4 Bb6 15. c5
Bc7 16. Rc1 a6 17. Qb3 Na7 18. Nd4 Re8 19. c6 bxc6 20. Nxc6 Nxc6 21. Rxc6 Qd7
22. Rfc1 Rec8 23. Bxf6 gxf6 24. Qc3 1-0

[Event "Est ch 2020 U12"]
[Site "?"]
[Date "2020.01.25"]
[Round "6.5"]
[White "Gorkov, Kirill"]
[Black "East, Marek"]
[Result "0-1"]
[WhiteElo "1197"]
[BlackElo "1429"]
[PlyCount "125"]
[SourceVersionDate "2020.01.31"]

1. e4 e5 2. Nf3 Nc6 3. Bb5 Bc5 4. Nxe5 Bxf2+ 5. Kxf2 Nxe5 6. d4 Ng6 7. Rf1 a6
8. Bc4 b5 9. Bb3 N8e7 10. Kg1 O-O 11. Kh1 d6 12. Nc3 Bb7 13. Be3 b4 14. Nd5
Nxd5 15. exd5 Qe7 16. Bf2 Qg5 17. Qf3 Ne7 18. Be3 Qg6 19. Rac1 Rfe8 20. c3 bxc3
21. bxc3 Rab8 22. c4 Qf5 23. Ba4 Qxf3 24. Rxf3 c6 25. dxc6 Nxc6 26. Rg3 Re7 27.
d5 Ne5 28. Bf4 Nxc4 29. Bb3 Ne5 30. Rd1 Rc8 31. h3 f6 32. Rc1 Rxc1+ 33. Bxc1
Nd7 34. Ba3 Re1+ 35. Kh2 Nb6 36. Rd3 Nc8 37. Ba4 Rb1 38. Bd7 Rb6 39. Be6+ Kf8
40. Rc3 Ne7 41. Rd3 Bc8 42. Bxc8 Nxc8 43. Re3 Rb5 44. Rd3 Ke7 45. Re3+ Kd7 46.
Rg3 g6 47. Rf3 f5 48. Rd3 Nb6 49. Kg3 Rxd5 50. Rxd5 Nxd5 51. Bb2 Ke7 52. Kf3
Nf6 53. Ke3 Ke6 54. Kd3 Ne4 55. Ke2 d5 56. Ke1 Kd6 57. Ke2 Kc5 58. Kd3 Nd6 59.
Ba3+ Kc6 60. Kd4 Nc4 61. Bc1 a5 62. g3 h5 63. a4 {loetamatu} 0-1

[Event "Est ch 2020 U12"]
[Site "?"]
[Date "2020.01.25"]
[Round "6.6"]
[White "Ott, Karl Eric"]
[Black "Kaldmaa, Janis"]
[Result "1-0"]
[WhiteElo "1380"]
[BlackElo "1400"]
[PlyCount "81"]
[SourceVersionDate "2020.01.31"]

1. e4 e5 2. Nf3 Nc6 3. d4 exd4 4. Nxd4 Nf6 5. Nxc6 bxc6 6. e5 Qe7 7. Qe2 Nd5 8.
c4 Ba6 9. b3 g5 10. Bb2 Nf4 11. Qe3 Bg7 12. g3 Ng6 13. Kd1 Nxe5 14. f4 gxf4 15.
gxf4 Ng4 16. Qxe7+ Kxe7 17. Bxg7 Rhg8 18. Bd4 Rg6 19. Rg1 Nxh2 20. Rxg6 fxg6
21. Be2 Rf8 22. Bg1 Rxf4 23. Bxh2 Rh4 24. Bxc7 Bb7 25. Kc2 c5 26. Nc3 h5 27.
Re1 Kf7 28. Bg3 Rh3 29. Bd6 g5 30. Bxc5 g4 31. Bxg4 hxg4 32. Bxa7 g3 33. Bc5
Bc6 34. b4 Rh2+ 35. Kb3 g2 36. b5 Bf3 37. a4 d6 38. Be3 Rh1 39. Rg1 Ke6 40. a5
Kd7 41. Kb4 1-0

[Event "Est ch 2020 U12"]
[Site "?"]
[Date "2020.01.25"]
[Round "6.7"]
[White "Snitsarenko, Ilja"]
[Black "Leito, Erik"]
[Result "1-0"]
[WhiteElo "1385"]
[BlackElo "1290"]
[PlyCount "89"]
[SourceVersionDate "2020.01.31"]

1. e4 e5 2. Nf3 Nc6 3. d4 exd4 4. Nxd4 Nf6 5. Nc3 Bb4 6. Nxc6 bxc6 7. Bd3 d5 8.
O-O O-O 9. Bg5 dxe4 10. Nxe4 Be7 11. Qf3 Nxe4 12. Qxe4 f5 13. Qxe7 Qxe7 14.
Bxe7 Rf7 15. Bc4 Rb8 16. Rad1 Bb7 17. Rd8+ Rxd8 18. Bxf7+ Kxf7 19. Bxd8 c5 20.
Re1 Bd5 21. Re7+ Kg6 22. Rxc7 c4 23. Rxa7 Be4 24. c3 Bd5 25. h3 Kh6 26. Ra6+ g6
27. g4 fxg4 28. hxg4 Bf3 29. g5+ Kh5 30. Kh2 h6 31. Ra5 Bg4 32. Kg3 Bf5 33.
gxh6 Kxh6 34. Kf4 Kg7 35. b4 cxb3 36. axb3 Be6 37. Ra7+ Bf7 38. b4 Kf8 39. b5
Ke8 40. b6 Kxd8 41. Rxf7 Kc8 42. Ke5 Kb8 43. Kd6 g5 44. Kc6 g4 45. Rf8# 1-0

[Event "Est ch 2020 U12"]
[Site "?"]
[Date "2020.01.25"]
[Round "6.8"]
[White "Rajandu, Aaron"]
[Black "Cherentsov, Mihhail"]
[Result "1-0"]
[WhiteElo "1266"]
[BlackElo "1274"]
[PlyCount "73"]
[SourceVersionDate "2020.01.31"]

1. d4 g6 2. c4 d6 3. e4 Bg7 4. Nf3 b6 5. Nc3 Nf6 6. Be2 Bb7 7. d5 Nbd7 8. Be3
O-O 9. O-O c6 10. Qd2 cxd5 11. cxd5 Ng4 12. h3 Nxe3 13. Qxe3 Ne5 14. Nxe5 Bxe5
15. f4 Bg7 16. Kh1 Qd7 17. Rad1 Rac8 18. f5 Bxc3 19. fxg6 hxg6 20. Bg4 f5 21.
exf5 Bxd5 22. fxg6 Qc6 23. Rxd5 Qxd5 24. Be6+ Qxe6 25. Qxe6+ Kh8 26. bxc3 Rg8
27. Rf7 Rg7 28. Rxg7 Kxg7 29. Qf7+ Kh6 30. h4 Rh8 31. g4 e6 32. g5+ Kh5 33. g7+
Kxh4 34. gxh8=Q+ Kg4 35. g6 e5 36. g7 e4 37. g8=R# 1-0

[Event "Est ch 2020 U12"]
[Site "?"]
[Date "2020.01.25"]
[Round "6.9"]
[White "Dukov, Vladimir"]
[Black "Jarts, Nikita"]
[Result "1-0"]
[WhiteElo "1570"]
[BlackElo "1082"]
[PlyCount "75"]
[SourceVersionDate "2020.01.31"]

1. e4 c5 2. Nf3 d6 3. d4 cxd4 4. Nxd4 Nf6 5. Nc3 a6 6. Bd3 e5 7. Nf5 g6 8. Ne3
Be6 9. O-O Bg7 10. Kh1 O-O 11. Ned5 Nc6 12. Bg5 Rc8 13. f4 h6 14. fxe5 hxg5 15.
exf6 Bh8 16. Qd2 g4 17. Qh6 Bxf6 18. Nxf6+ Qxf6 19. Rxf6 Ne5 20. Nd5 Bxd5 21.
exd5 Rce8 22. Bxg6 Nxg6 23. Rxg6+ fxg6 24. Qxg6+ Kh8 25. Qh5+ Kg8 26. Qxg4+ Kh8
27. h4 Rg8 28. Qh5+ Kg7 29. Qg5+ Kf7 30. Qf5+ Ke7 31. Qe6+ Kd8 32. Qxd6+ Kc8
33. Rf1 Rd8 34. Qe6+ Kc7 35. Rf7+ Kb8 36. Qb6 Rc8 37. Rxb7+ Ka8 38. Qxa6# 1-0

[Event "Est ch 2020 U12"]
[Site "?"]
[Date "2020.01.25"]
[Round "6.10"]
[White "Karis, Fredi"]
[Black "Lehes, Ott Oskar"]
[Result "1-0"]
[WhiteElo "1335"]
[BlackElo "1269"]
[PlyCount "79"]
[SourceVersionDate "2020.01.31"]

1. e4 d5 2. f3 e5 3. c3 Nc6 4. Bb5 Nf6 5. exd5 Qxd5 6. Bxc6+ bxc6 7. d4 exd4 8.
cxd4 c5 9. Ne2 Bd6 10. Nbc3 Qc6 11. Be3 O-O 12. O-O Bb7 13. Rc1 Ng4 14. d5 Nxe3
15. dxc6 Nxd1 16. cxb7 Rab8 17. Rfxd1 Rxb7 18. b3 Re8 19. Ne4 f5 20. Nxd6 cxd6
21. Ng3 Rd7 22. Rxc5 f4 23. Nh5 Rde7 24. Rcd5 Re5 25. Rxe5 dxe5 26. Re1 Kf7 27.
g3 g6 28. gxf4 gxh5 29. fxe5 Ke6 30. Kg2 Kf5 31. Kg3 Rxe5 32. Rxe5+ Kxe5 33.
Kh4 Kf4 34. Kxh5 Kxf3 35. h4 Kg3 36. b4 h6 37. a4 Kh3 38. b5 Kg3 39. a5 Kf4 40.
b6 1-0

[Event "Est ch 2020 U12"]
[Site "?"]
[Date "2020.01.25"]
[Round "6.11"]
[White "Lain, Sander"]
[Black "Gasanbekov, Miroslav"]
[Result "1-0"]
[WhiteElo "1240"]
[BlackElo "1299"]
[PlyCount "103"]
[SourceVersionDate "2020.01.31"]

1. e4 c5 2. c4 e5 3. Nf3 Nc6 4. d3 g6 5. Nc3 Bg7 6. Nd5 d6 7. Bg5 f6 8. Be3
Nge7 9. Nxe7 Qxe7 10. Be2 O-O 11. O-O b6 12. a3 Bb7 13. Rb1 a5 14. a4 Qd7 15.
h3 Nb4 16. Qb3 Bc6 17. Ra1 Rfb8 18. Bd2 Kh8 19. Nh2 Qe8 20. Bg4 Qg8 21. Be3 b5
22. axb5 Bxb5 23. Qd1 Bc6 24. b3 Qe8 25. f4 exf4 26. Bxf4 Rd8 27. Re1 Bb7 28.
Nf1 Qc6 29. Bf3 Qc7 30. Ne3 Qc8 31. Nd5 Bxd5 32. exd5 Qd7 33. Re6 Qc7 34. Qe2
Qb8 35. Re1 f5 36. Bxd6 Qc8 37. Bf4 Bd4+ 38. Kh1 Bf2 39. Qxf2 Nxd3 40. Qd2 Nxe1
41. Qxe1 a4 42. Qe5+ Kg8 43. Bh6 Rd7 44. bxa4 Rb8 45. d6 Rf7 46. Bd5 Qd8 47.
Rf6 Qe8 48. Bxf7+ Qxf7 49. Rxf7 Rb1+ 50. Kh2 Rh1+ 51. Kxh1 f4 52. Qg7# 1-0

[Event "Est ch 2020 U12"]
[Site "?"]
[Date "2020.01.25"]
[Round "6.12"]
[White "Sai, Oskar"]
[Black "Blohhin, Georg"]
[Result "0-1"]
[WhiteElo "1015"]
[BlackElo "1133"]
[PlyCount "48"]
[SourceVersionDate "2020.01.31"]

1. e4 c5 2. Nf3 e6 3. d4 cxd4 4. Nxd4 d6 5. Nf3 Nf6 6. e5 Ng4 7. h3 Nh6 8. Nc3
Be7 9. Bd3 O-O 10. Be2 a6 11. O-O b5 12. Ne4 d5 13. Ng3 Bb7 14. c3 Nd7 15. Qc2
Qc7 16. Bd3 Kh8 17. Bxh7 Nxe5 18. Nxe5 Qxe5 19. Be3 Qf6 20. Bd3 b4 21. Bd4 Qg5
22. Be3 Qh4 23. Qa4 bxc3 24. Rac1 Qxa4 0-1

[Event "Est ch 2020 U12"]
[Site "?"]
[Date "2020.01.25"]
[Round "6.13"]
[White "Lillend, Fredi"]
[Black "Kompus, Karl Erik"]
[Result "1-0"]
[WhiteElo "1106"]
[BlackElo "1128"]
[PlyCount "71"]
[SourceVersionDate "2020.01.31"]

1. d4 d5 2. c4 e6 3. Nc3 Nf6 4. Bg5 Bb4 5. a3 Bxc3+ 6. bxc3 O-O 7. e3 h6 8. Bf4
Nc6 9. Nf3 Ne4 10. Rc1 Qe7 11. a4 f6 12. cxd5 exd5 13. c4 Qb4+ 14. Nd2 Nxd2 15.
Qxd2 Qxd2+ 16. Kxd2 dxc4 17. Bxc4+ Kh7 18. Bxc7 Bd7 19. Bd3+ Kg8 20. Be4 Rac8
21. Bxc6 Rxc7 22. Bd5+ Rf7 23. Bxf7+ Kxf7 24. Rxc7 Ke7 25. Rxb7 Kd6 26. Rxa7
Kc6 27. Rc1+ Kd6 28. Rxd7+ Kxd7 29. a5 Ke6 30. a6 g5 31. a7 f5 32. a8=Q Kd6 33.
Qc6+ Ke7 34. Rb1 h5 35. Rb7+ Kd8 36. Qd7# 1-0

[Event "Est ch 2020 U12"]
[Site "?"]
[Date "2020.01.25"]
[Round "6.14"]
[White "Tsõganov, Jaroslav"]
[Black "Aleksejev, Artjom"]
[Result "0-1"]
[WhiteElo "1046"]
[BlackElo "1407"]
[PlyCount "62"]
[SourceVersionDate "2020.01.31"]

1. e4 e5 2. Nf3 Nc6 3. Bb5 Nd4 4. Nxd4 exd4 5. O-O a6 6. Ba4 b5 7. Bb3 Bb7 8.
Qf3 Nf6 9. d3 c5 10. c4 b4 11. Bg5 Be7 12. Bf4 O-O 13. a3 a5 14. Bd2 h6 15. Qg3
Nh5 16. Qg4 Nf6 17. Qg3 Kh8 18. Qh3 d6 19. Bxh6 gxh6 20. Qxh6+ Nh7 21. Nd2 Bg5
22. Qh5 Bxd2 23. Bd1 Qg5 24. Qh3 Bc8 25. Qh5 Qxh5 26. Bxh5 f5 27. Bf3 Bb7 28.
Rfd1 Bh6 29. Re1 bxa3 30. bxa3 Bd2 31. Red1 Bc3 0-1

[Event "Est ch 2020 U12"]
[Site "?"]
[Date "2020.01.25"]
[Round "6.15"]
[White "Akulistõi, Andrei"]
[Black "Gridin, Maksim"]
[Result "0-1"]
[WhiteElo "1164"]
[BlackElo "1153"]
[PlyCount "118"]
[SourceVersionDate "2020.01.31"]

1. e4 c5 2. Nf3 Nc6 3. Bc4 d6 4. O-O e6 5. Bb5 Qb6 6. Bxc6+ Qxc6 7. Nc3 Nf6 8.
d3 Be7 9. Re1 O-O 10. Be3 b6 11. e5 dxe5 12. Nxe5 Qc7 13. Bf4 Bd6 14. Nb5 Qe7
15. Nxd6 Qxd6 16. Ng6 Qd4 17. Be5 Qd8 18. Nxf8 Kxf8 19. Qf3 Bd7 20. Bxf6 gxf6
21. Re4 Bc6 22. Rd1 f5 23. Qh5 fxe4 24. dxe4 Qf6 25. e5 Qg6 26. Qxg6 hxg6 27.
Rd6 Bb5 28. b3 Ke7 29. c4 Ba6 30. Rd3 Rd8 31. Rxd8 Kxd8 32. Kf1 Bb7 33. f3 Ke7
34. Ke2 f6 35. exf6+ Kxf6 36. Ke3 g5 37. g4 a6 38. a3 Ke5 39. h3 b5 40. f4+
gxf4+ 41. Kd3 f3 42. Ke3 f2 43. Kxf2 Kf4 44. g5 Kxg5 45. Ke3 e5 46. h4+ Kxh4
47. Kd3 Kg3 48. cxb5 axb5 49. Kc3 Kf2 50. Kd3 e4+ 51. Kc3 e3 52. a4 bxa4 53.
bxa4 e2 54. Kc4 e1=Q 55. Kxc5 Qb1 56. a5 Ke3 57. a6 Bxa6 58. Kd5 Qe4+ 59. Kc5
Qd4+ 0-1

[Event "Est ch 2020 U12"]
[Site "?"]
[Date "2020.01.25"]
[Round "6.16"]
[White "Kaletin, Artjom"]
[Black "Hajanen, Oliver"]
[Result "0-1"]
[WhiteElo "1101"]
[BlackElo "1173"]
[PlyCount "49"]
[SourceVersionDate "2020.01.31"]

1. e4 c5 2. Nf3 Nc6 3. d4 cxd4 4. Nxd4 Nf6 5. Nxc6 bxc6 6. Nc3 e5 7. h3 Bb4 8.
Bd3 Bxc3+ 9. bxc3 O-O 10. O-O d5 11. Bg5 h6 12. Bxf6 Qxf6 13. exd5 cxd5 14. c4
Bb7 15. cxd5 Bxd5 16. c3 Rfd8 17. f3 Bc4 18. Bxc4 Rxd1 19. Rfxd1 Rc8 20. Bb3
Rxc3 21. Bd5 g6 22. Rac1 Rxc1 23. Rxc1 Qb6+ 24. Kh2 Qf6 25. Rc4 0-1

[Event "Est ch 2020 U12"]
[Site "?"]
[Date "2020.01.26"]
[Round "7.1"]
[White "Pallum, Rasmus"]
[Black "Mertins, Ostap"]
[Result "1/2-1/2"]
[WhiteElo "1399"]
[BlackElo "1561"]
[PlyCount "57"]
[SourceVersionDate "2020.01.31"]

1. d4 e6 2. Nf3 c5 3. e3 Nf6 4. Bd3 a6 5. c4 b6 6. O-O Bb7 7. Nc3 Qc7 8. h3 Be7
9. b3 d6 10. Bb2 Nbd7 11. Qc2 O-O 12. Ne2 Rac8 13. Ng5 h6 14. Bh7+ Kh8 15. Nxe6
fxe6 16. Nf4 Nxh7 17. Ng6+ Kg8 18. Nxe7+ Kh8 19. Ng6+ Kg8 20. Ne7+ Kh8 21. Nxc8
Qxc8 22. e4 cxd4 23. Bxd4 Nc5 24. f3 e5 25. Bf2 Ng5 26. Rfd1 Nxh3+ 27. gxh3
Qxh3 28. Bxc5 dxc5 29. Qg2 1/2-1/2

[Event "Est ch 2020 U12"]
[Site "?"]
[Date "2020.01.26"]
[Round "7.2"]
[White "Pomaznjov, Aleksei"]
[Black "Köösel, Hans-Georg"]
[Result "1/2-1/2"]
[WhiteElo "1435"]
[BlackElo "1580"]
[PlyCount "47"]
[SourceVersionDate "2020.01.31"]

1. e4 e5 2. Nf3 Nc6 3. d4 exd4 4. Nxd4 Bc5 5. Be3 Qf6 6. c3 Nge7 7. Bc4 Ne5 8.
Bb3 Qg6 9. f3 Bxd4 10. cxd4 Qxg2 11. Rf1 N5g6 12. Rf2 Qg1+ 13. Ke2 Qxd1+ 14.
Kxd1 b6 15. Nc3 a6 16. Nd5 Nxd5 17. Bxd5 c6 18. Bb3 Bb7 19. d5 b5 20. dxc6 dxc6
21. Rd2 f6 22. Ke2 Rd8 23. Rad1 Rxd2+ 24. Rxd2 1/2-1/2

[Event "Est ch 2020 U12"]
[Site "?"]
[Date "2020.01.26"]
[Round "7.3"]
[White "Rõtshagov, Anton"]
[Black "Õim, Mikk Kaarel"]
[Result "1-0"]
[WhiteElo "1546"]
[BlackElo "1428"]
[PlyCount "59"]
[SourceVersionDate "2020.01.31"]

1. e4 e5 2. Nf3 Nc6 3. d4 exd4 4. Nxd4 Bc5 5. Be3 Qf6 6. c3 Nge7 7. Bc4 Ne5 8.
Bb3 O-O 9. O-O Qg6 10. Nd2 d6 11. f3 N7c6 12. Qe2 Kh8 13. Nxc6 Bxe3+ 14. Qxe3
Nxc6 15. f4 Re8 16. Rae1 Qf6 17. e5 Qe7 18. Qf2 Be6 19. exd6 Qxd6 20. Ne4 Qd7
21. Nc5 Qc8 22. Bxe6 fxe6 23. Qe2 e5 24. fxe5 Rxe5 25. Qf2 Rxe1 26. Rxe1 b6 27.
Qf3 Na5 28. Na6 c6 29. Qf7 h6 30. Nc7 1-0

[Event "Est ch 2020 U12"]
[Site "?"]
[Date "2020.01.26"]
[Round "7.4"]
[White "East, Marek"]
[Black "Snitsarenko, Ilja"]
[Result "1/2-1/2"]
[WhiteElo "1429"]
[BlackElo "1385"]
[PlyCount "74"]
[SourceVersionDate "2020.01.31"]

1. e4 c5 2. Nf3 e6 3. Bb5 a6 4. Be2 Nc6 5. Nc3 Be7 6. d3 Nf6 7. O-O O-O 8. d4
cxd4 9. Nxd4 Qc7 10. Nxc6 bxc6 11. Bd3 d5 12. exd5 cxd5 13. Qf3 Bb7 14. Re1 Bb4
15. Bf4 Qc8 16. Qh3 Bxc3 17. bxc3 h6 18. Bd6 Re8 19. Be5 Qd8 20. Rab1 Bc6 21.
Re3 Nd7 22. Qg3 Nxe5 23. Rxe5 Rb8 24. Ree1 Rxb1 25. Rxb1 Qa5 26. Rb2 Qa3 27.
Qb8 Qa4 28. Qb6 Bb5 29. Bxb5 axb5 30. Qxb5 Qxb5 31. Rxb5 Ra8 32. Rb2 Ra3 33.
Kf1 Kf8 34. Ke2 Rxc3 35. Kd2 Ra3 36. c3 Ke7 37. Kd3 Kd6 1/2-1/2

[Event "Est ch 2020 U12"]
[Site "?"]
[Date "2020.01.26"]
[Round "7.5"]
[White "Ott, Karl Eric"]
[Black "Rajandu, Aaron"]
[Result "1-0"]
[WhiteElo "1380"]
[BlackElo "1266"]
[PlyCount "65"]
[SourceVersionDate "2020.01.31"]

1. d4 Nf6 2. Nf3 d5 3. e3 e6 4. Bd3 c5 5. b3 Nc6 6. Bb2 Bd7 7. O-O cxd4 8. exd4
Qc7 9. Ne5 Bd6 10. f4 Qb6 11. Nxc6 Bxc6 12. Kh1 O-O-O 13. c4 Qc7 14. Qd2 Nh5
15. cxd5 Bxd5 16. Nc3 Bc6 17. Ne2 h6 18. Rac1 g5 19. d5 exd5 20. Bxh8 Nxf4 21.
Bf6 Re8 22. Ng3 Kb8 23. b4 d4 24. Kg1 Nh3+ 25. gxh3 Bxg3 26. b5 Bf4 27. Rxf4
Qxf4 28. Qxf4+ gxf4 29. bxc6 bxc6 30. Bxd4 Rd8 31. Be5+ Kb7 32. Rd1 Re8 33.
Bxf4 1-0

[Event "Est ch 2020 U12"]
[Site "?"]
[Date "2020.01.26"]
[Round "7.6"]
[White "Kaldmaa, Janis"]
[Black "Dukov, Vladimir"]
[Result "1-0"]
[WhiteElo "1400"]
[BlackElo "1570"]
[PlyCount "71"]
[SourceVersionDate "2020.01.31"]

1. e4 e6 2. d4 d5 3. e5 c5 4. c3 Qb6 5. Bd3 cxd4 6. cxd4 Nc6 7. Nf3 Bd7 8. Ng5
Qxd4 9. Be3 Bb4+ 10. Kf1 Qxb2 11. Nd2 Bxd2 12. Bxd2 Qxe5 13. f4 Qd4 14. Qb1 h6
15. Nf3 Qf6 16. Kf2 b6 17. Qc2 Rc8 18. Bc3 d4 19. Bb2 Qxf4 20. Rhe1 Nb4 21. Qb3
Nxd3+ 22. Qxd3 Nf6 23. Rad1 Ng4+ 24. Kg1 Ne3 25. Bc1 Rd8 26. Nxd4 Ba4 27. Bxe3
Qd6 28. Rb1 e5 29. Bf4 f6 30. Qg6+ Kf8 31. Nf5 Qc7 32. Bc1 Qd7 33. Ba3+ Kg8 34.
Ne7+ Kf8 35. Nd5+ Kg8 36. Nxf6# 1-0

[Event "Est ch 2020 U12"]
[Site "?"]
[Date "2020.01.26"]
[Round "7.7"]
[White "Leito, Erik"]
[Black "Dudakov, Andrei"]
[Result "0-1"]
[WhiteElo "1290"]
[BlackElo "1485"]
[PlyCount "86"]
[SourceVersionDate "2020.01.31"]

1. e4 c5 2. Nf3 d6 3. d4 cxd4 4. Nxd4 Nf6 5. Nc3 a6 6. Bg5 e6 7. Bd3 Be7 8. O-O
O-O 9. Qe2 Qc7 10. f4 Qb6 11. Qe3 Ng4 12. Qg3 Qxd4+ 13. Kh1 Bxg5 14. fxg5 Ne5
15. Rad1 Qb6 16. b3 Nbc6 17. Be2 Qc7 18. Rd2 Rd8 19. Rfd1 b6 20. b4 b5 21. a4
bxa4 22. b5 axb5 23. Bxb5 a3 24. Bxc6 Nxc6 25. e5 d5 26. Nb5 Qxe5 27. c4 Qxg3
28. hxg3 Ba6 29. Nxa3 Bxc4 30. Nxc4 dxc4 31. Rxd8+ Rxd8 32. Rc1 Ne5 33. Kg1 c3
34. Rxc3 h6 35. Rc5 Rd5 36. Rc8+ Kh7 37. gxh6 Kxh6 38. Rh8+ Kg6 39. Rh4 Rd3 40.
Kf2 Rd2+ 41. Kg1 Kg5 42. Kf1 Ng4 43. Kg1 Rd1# 0-1

[Event "Est ch 2020 U12"]
[Site "?"]
[Date "2020.01.26"]
[Round "7.8"]
[White "Sizov, Lev"]
[Black "Karis, Fredi"]
[Result "1-0"]
[WhiteElo "1490"]
[BlackElo "1335"]
[PlyCount "57"]
[SourceVersionDate "2020.01.31"]

1. c4 e5 2. Nc3 Nf6 3. Nf3 Nc6 4. e4 Bc5 5. h3 Nd4 6. d3 d6 7. Bg5 h6 8. Be3
Be6 9. a3 a5 10. Bxd4 Bxd4 11. Nxd4 exd4 12. Ne2 c5 13. g3 O-O 14. Bg2 Qc7 15.
f4 Bd7 16. a4 Qb6 17. b3 Qb4+ 18. Kf2 Nh7 19. f5 g6 20. Nf4 Rae8 21. Nd5 gxf5
22. Nxb4 axb4 23. Re1 fxe4 24. Bxe4 Ng5 25. Qh5 f5 26. Bd5+ Kg7 27. h4 Nh7 28.
Kg2 f4 29. Be4 1-0

[Event "Est ch 2020 U12"]
[Site "?"]
[Date "2020.01.26"]
[Round "7.9"]
[White "Blohhin, Georg"]
[Black "Lain, Sander"]
[Result "0-1"]
[WhiteElo "1133"]
[BlackElo "1240"]
[PlyCount "92"]
[SourceVersionDate "2020.01.31"]

1. e4 e5 2. Nf3 Nc6 3. d4 Bd6 4. d5 Nce7 5. Nc3 Nf6 6. Be2 O-O 7. O-O c6 8. Be3
cxd5 9. exd5 Nf5 10. Bg5 h6 11. Bxf6 Qxf6 12. Ne4 Qe7 13. Nxd6 Nxd6 14. Re1 e4
15. Nd2 e3 16. Bd3 exf2+ 17. Kxf2 Qf6+ 18. Kg1 Qd4+ 19. Kf1 Qxd5 20. Ne4 Qf5+
21. Kg1 Nxe4 22. Bxe4 Qf6 23. Rf1 Qxb2 24. Qd2 Qb6+ 25. Kh1 d6 26. Rfb1 Qc7 27.
c3 Rb8 28. Bc2 Qc4 29. Rb4 Qe6 30. Qd3 g6 31. Re4 Qf6 32. Qe3 Bf5 33. Rf4 Qe5
34. Qg3 Bxc2 35. Qf2 Bf5 36. Re1 Qd5 37. c4 Qc5 38. Qg3 Be6 39. Qh4 Qg5 40. Qf2
d5 41. cxd5 Bxd5 42. Rg1 Rbe8 43. Rd4 Bc6 44. Rdd1 a5 45. a3 Bb5 46. Qf3 Be2
0-1

[Event "Est ch 2020 U12"]
[Site "?"]
[Date "2020.01.26"]
[Round "7.10"]
[White "Aleksejev, Artjom"]
[Black "Gorkov, Kirill"]
[Result "1/2-1/2"]
[WhiteElo "1407"]
[BlackElo "1197"]
[PlyCount "116"]
[SourceVersionDate "2020.01.31"]

1. e4 c5 2. Nf3 Nc6 3. d4 cxd4 4. Nxd4 e6 5. Nc3 Nf6 6. Bg5 h6 7. Bxf6 Qxf6 8.
Nxc6 bxc6 9. Bd3 Bb4 10. Qd2 Bxc3 11. Qxc3 Qxc3+ 12. bxc3 O-O 13. O-O d5 14. e5
Rb8 15. f4 Bd7 16. g4 c5 17. c4 Ba4 18. cxd5 exd5 19. c4 d4 20. f5 Bd7 21. Be4
Rbc8 22. Bd5 Bc6 23. h4 Bxd5 24. cxd5 Rcd8 25. d6 f6 26. exf6 gxf6 27. Rac1
Rxd6 28. Rxc5 Rfd8 29. Rd1 Ra6 30. Ra1 d3 31. Rcc1 d2 32. Rd1 Kg7 33. Kf2 Ra5
34. a4 h5 35. Kf3 hxg4+ 36. Kxg4 Rd4+ 37. Kf3 Rxf5+ 38. Ke3 Rxh4 39. Rxd2 Ra5
40. Rd4 Rxd4 41. Kxd4 Kf7 42. Kc4 f5 43. Kb4 Re5 44. Rc1 a5+ 45. Kc4 Kf6 46.
Rb1 f4 47. Rb5 Rxb5 48. axb5 f3 49. Kd3 Ke6 50. Ke3 Kd6 51. Kxf3 Kc5 52. Ke2
Kxb5 53. Kd2 Kc4 54. Kc2 Kb4 55. Kb2 a4 56. Ka2 a3 57. Kb1 Kb3 58. Ka1 a2
1/2-1/2

[Event "Est ch 2020 U12"]
[Site "?"]
[Date "2020.01.26"]
[Round "7.11"]
[White "Cherentsov, Mihhail"]
[Black "Lillend, Fredi"]
[Result "1-0"]
[WhiteElo "1274"]
[BlackElo "1106"]
[PlyCount "121"]
[SourceVersionDate "2020.01.31"]

1. e4 e6 2. d4 d5 3. e5 c5 4. c3 f6 5. Nf3 Nc6 6. a3 Qa5 7. Nbd2 b5 8. Nb3 Qa4
9. Nxc5 Qxd1+ 10. Kxd1 fxe5 11. Bxb5 Nge7 12. Nxe5 a6 13. Bxc6+ Nxc6 14. Nxc6
Bxc5 15. dxc5 Bd7 16. Nd4 e5 17. Re1 Ba4+ 18. b3 O-O 19. Rxe5 Bb5 20. Nxb5 axb5
21. Be3 Rad8 22. Bd4 Rf4 23. f3 Kf7 24. Kd2 h6 25. Ke3 Rf6 26. a4 Ra6 27. a5
Rb8 28. c6 Rc8 29. Rxd5 Rcxc6 30. Rxb5 Ke7 31. Rb6 Rcxb6 32. axb6 Rxa1 33. b7
Re1+ 34. Kd2 Re6 35. b8=Q g5 36. Qc7+ Ke8 37. Qc8+ Ke7 38. Bc5+ Kf6 39. Qxe6+
Kxe6 40. Ke3 Kd5 41. Bb4 Ke5 42. c4 Ke6 43. Ke4 Kd7 44. Kf5 Kc7 45. Kg6 h5 46.
Kxg5 h4 47. f4 h3 48. gxh3 Kd7 49. f5 Ke8 50. c5 Ke7 51. c6+ Kd8 52. f6 Kc7 53.
f7 Kxc6 54. f8=Q Kb5 55. Qc5+ Ka6 56. Kf6 Kb7 57. Ke7 Ka8 58. Qb5 Ka7 59. Kd7
Ka8 60. Qa6+ Kb8 61. Bd6# 1-0